• 首页
  • 本馆介绍
  • 公告通知
  • 最新文献
  • 馆藏检索
  • 电子资源
  • 读者导购
  • 参考咨询
  • 我的图书馆
  • 登录
  • 详细信息显示
  • 放入我的书架
  • 预约/预借图书
  • 作者相关作品
  • 分类相关作品
  • 丛书相关作品
  • 出版社相关作品

书目信息

  • 表格格式
  • 工作单格式
  • 卡片格式
题名:
化学反应工程基础
    
 
作者: 袁乃驹 , 丁富新 编著
分册:  
出版信息: 北京   清华大学出版社  1988.6
页数: 373页
开本: 20厘米
丛书名:
单 册:
中图分类: TQ03
科图分类:
主题词: 化学反应工程
电子资源:
ISBN: 978-7-302-00197-3
000 00781cam0 2200241 450
001 0100306515
005 20150123100813.0
010    @a978-7-302-00197-3@dCNY2.55
100    @a20021005d1988 em y0chiy0110 ea
101 0  @achi
102    @aCN@b110000
105    @ay z 000yy
106    @ar
200 1  @a化学反应工程基础@9Hua Xue Fan Ying Gong Cheng Ji Chu @f袁乃驹,丁富新编著@b专著
210    @a北京@c清华大学出版社@d1988.6
215    @a373页@d20厘米
330    @a本书系统总结了化学反应工程的理论、模型和反应器的分类及设计方法,并介绍了化学反应工程的最新进展。
606 0  @a化学反应工程
690    @aTQ03@v三版
701  0 @a袁乃驹@f(1928~)@9yuan nai ju@4编著
701  0 @a丁富新@9ding fu xin@4编著
801  0 @aCN@bAiZhiMarc@c19921105
905    @aBZT@dTQ03@e4@f12@sTQ03/4
    
    化学反应工程基础/袁乃驹,丁富新编著.-北京:清华大学出版社,1988.6
    373页;20厘米
    
    
    ISBN 978-7-302-00197-3:CNY2.55
    本书系统总结了化学反应工程的理论、模型和反应器的分类及设计方法,并介绍了化学反应工程的最新进展。
●
相关链接 在五车中查询图书 在当当中查询图书 在豆瓣中查询图书


正题名:化学反应工程基础     索取号:TQ03/4         预约/预借

序号 登录号 条形码 馆藏地/架位号 状态 备注
1 2000073242   2000073242   旧书回溯/ [索取号:TQ03/4] 在馆    
2 2000073243   2000073243   旧书回溯/ [索取号:TQ03/4] 在馆    
3 2000073244   2000073244   旧书回溯/ [索取号:TQ03/4] 在馆    
4 2000073245   2000073245   旧书回溯/ [索取号:TQ03/4] 在馆    
5 2000073246   2000073246   旧书回溯/ [索取号:TQ03/4] 在馆    
6 2000073247   2000073247   旧书回溯/ [索取号:TQ03/4] 在馆    
7 2000073248   2000073248   旧书回溯/ [索取号:TQ03/4] 在馆    
8 2000073249   2000073249   旧书回溯/ [索取号:TQ03/4] 在馆    
9 2000073250   2000073250   旧书回溯/ [索取号:TQ03/4] 在馆    
10 2000073251   2000073251   旧书回溯/ [索取号:TQ03/4] 在馆    
11 2000073252   2000073252   旧书回溯/ [索取号:TQ03/4] 在馆    
12 2000099216   2000099216   旧书回溯/ [索取号:TQ03/4] 在馆    
山东省滨州职业学院图书馆 欢迎您!
大连网信软件有限公司© 版权所有